Регионална библиотека "Любен Каравелов" - Русе

Избранные сочинения (Запис номер 321363)

MARC детайли
000 -Лидер
Контролно поле с фиксирана дължина 01544ncm a2200409 c 4500
003 - Код на организацията, давaща контролен номер
Контролно поле BLK
005 - Дата и час на последна редакция
Контролно поле 20241011005340.0
008 - Елементи от данни с фиксирана дължина
fixed length control field 180414b bul |a|er|||| |0| c|bulo|
010 ## - Наследен системен номер
LC control number NOT00003922000
040 ## - Източник на каталожния запис
Идентификатор на билиотеката - собственик на записа BLK
041 ## - Код за език
Код за езика на текст/звукозапис или на отделно заглавие Руски
Код за езика КДБФ Руски
080 ## - УДК
Текстов определител УДК Музика за пиано
УДК код - определител по УДК 786.2
УДК определител
УДК - код + определител 786.2
100 1# - Редна дума - Автор
Автор Бузони, Феручо
Авторска отговорност първи автор
R(LIN) 43736
139 ## - Редно поле
Редна дума Бузони, Феручо
Авторски знак Бу - Б 84
245 10 - Сведения за заглавието
Заглавие Избранные сочинения
Подзаглавни данни Для фортепиано
Редно поле (дума) Феручо Бузони; ред. и състав. Григорий Михайлович Коган.
254 ## - Сведения за формата на нотното издание
Формат на описваните ноти Ноти
257 ## - Страна на издаване
Страна на създаване/издаване Италия
260 ## - Област на издателските данни
-- Москва
Име на издателя, разпространителя и проч. Музыка 4922
Година на издаване 1969
300 ## - Физическа характеристика
Страници 112 с.
Размери/Мащаб 29 см
380 ## - Жанр
Жанр Изкуство
505 ## - Форматирана забележка
Подзаглавни данни Соч.16
Заглавие Из цикла Шесть этюдов
505 ## - Форматирана забележка
Подзаглавни данни Соч.33-б
Заглавие Из цикла Шесть пьес
505 ## - Форматирана забележка
Заглавие Из цикла Элегии
505 ## - Форматирана забележка
Заглавие Из цикла Молодежи
505 ## - Форматирана забележка
Заглавие Из цикла Индейский дневник
650 #4 - Допълнително описание по предмет – тема
Основно описание – тема или топоним Пиано - пиеси
9 (RLIN) 291568
650 #0 - Допълнително описание по предмет – тема
Основно описание – тема или топоним Пиано - етюди
9 (RLIN) 353307
653 ## - Ключова дума – ненормативна
Ключова дума пиеси за пиано
653 ## - Ключова дума – ненормативна
Ключова дума етюди
700 1# - Други автори (авторска отговорност)
Лично име Коган, Григорий Михайлович
Автороска отговорност (Описва отношението между автора и произведението) ред. и състав.
9 (RLIN) 376905
852 ## - Местоположение
Форматна сигнатура Цб М ІІ 4962
Част 5
856 4# - Електронен адрес и достъп
Електронен формат pdf - файл
Път до файла /url/
856 4# - Електронен адрес и достъп
Електронен формат pdf - файл
Път до файла /url/
942 ## - АРТИКУЛИ
Вид на библиотечния материал Нотни издания
Скрит в OPAC Не
944 ## - СЪЗДАВАНЕ И РЕДАКЦИЯ на ЗАПИСА
Създаване/Редакция Създаване
Дата на регистрацията/редакция 05.01.2017
Служител, извършил регистрацията/редакцията
Статус, дата на статуса CRON CRON
944 ## - СЪЗДАВАНЕ И РЕДАКЦИЯ на ЗАПИСА
Създаване/Редакция Редакция
Дата на регистрацията/редакция 05.01.2017
Служител, извършил регистрацията/редакцията Камелия_Данева
999 ## - СИСТЕМНИ КОНТРОЛНИ НОМЕРА
Koha biblionumber 321363
Koha biblioitemnumber 321363
Наличности
Код за отписване Код за изгубен артикул Източник на класификационната схема Код за повреда Коз за рестрикции Код за отдаване Артикулен № Име на библиотеката - собственик Име на библиотеката, в която се намира в момента Статус (Текущо местоположение) Дата на вписване в системата Местоположение - отдел Цена в лева Инвентарен номер Систематично азбучна сигнатура Баркод Номер на екземпляра Цена в евро Служебна бележка Служебен тип на артикула
  Не е изгубен Universal Decimal Classification Не е повреден само за читалня ползва се в читалня 674891 Регионална библиотека "Любен Каравелов" Русе Регионална библиотека "Любен Каравелов" Русе Хранилище 1969-01-01 Основен фонд - ползва се само за читалня 1.10 64805 Цб М ІІ 4962 900000015742 1 0.56 Дост: Pk Вид: Ф N: стар фонд Дата: 01.01.1969 Бележки инв: Камелия_Да Съставил: Камелия_Данева Нотни издания
  Не е изгубен Universal Decimal Classification Не е повреден без рестрикции заемане за дома 674892 Регионална библиотека "Любен Каравелов" Русе Регионална библиотека "Любен Каравелов" Русе Отдел Изкуство - подръчен фонд 1969-01-01 Отдел Изкуство - подръчен фонд 1.10 64806 786.2/Б 84 Ф 120000064806 2 0.56 Дост: Pk Вид: Ф N: стар фонд Дата: 01.01.1969 Бележки инв: Камелия_Да Съставил: Камелия_Данева Нотни издания
Изтеглен Не е изгубен Universal Decimal Classification Не е повреден без рестрикции заемане за дома 674893 Регионална библиотека "Любен Каравелов" Русе Регионална библиотека "Любен Каравелов" Русе Отдел Изкуство - подръчен фонд 1969-01-01 Отдел Изкуство - подръчен фонд 1.10 64807 МП 786.2/Б 84 64807 3 0.56 Дост: Pk Вид: Ф N: стар фонд Дата: 01.01.1969 Бележки инв: Камелия_Да Съставил: Камелия_Данева Нотни издания
Vip Innovations Ltd, Rousse, Bulgaria 2025